Normal view
MARC view
Entry Personal Name
001 - CONTROL NUMBER
- control field: 17927
003 - CONTROL NUMBER IDENTIFIER
- control field: BD-RjUL
005 - DATE AND TIME OF LATEST TRANSACTION
- control field: 20260331153300.0
008 - FIXED-LENGTH DATA ELEMENTS
- fixed length control field: 260331|| aca||aabn | a|a d
040 ## - CATALOGING SOURCE
- Original cataloging agency: BD-RjUL
- Transcribing agency: BD-RjUL
100 ## - HEADING--PERSONAL NAME
- Personal name: کاشمیری، اغا محمد شاہ حشر ;; Kashmiri, Agha Muhammad Shah Hashar
670 ## - SOURCE DATA FOUND
- Source citation: Work cat.: (BD-RjUL)86276: کاشمیری، اغا محمد شاہ حشر ;; Kashmiri, Agha Muhammad Shah Hashar, مکمل ڈرامہ ترکی حور ;; makmal daramah tarki hur /, 1954